| 000 | 00900cam a22002054a 4500 | ||
|---|---|---|---|
| 005 | 20251016131154.0 | ||
| 008 | 250528s ||||||||||||||||||||||||d | ||
| 035 | _a21241 | ||
| 020 | _a9781444331219 | ||
| 040 |
_aGR-AtMCL _bgre _dGR-AtMCL _eAACR2 |
||
| 245 | 1 | _aApplied Psychology | |
| 250 | _a1st | ||
| 260 |
_bBps Blackwell, _c2011 |
||
| 300 | _a666 | ||
| 520 | _aThis is a valuable book for those studying applied psychology. The Coverage of professional roles, how psychological concepts permeate practice, and its overall breadth and skillful blend of evidence, theory and professional issues make it a front runner. Preface, Introduction, Clinical Psychology, Health Psychology, Forensic Psychology, Educational Psychology, Occupational Psychology, Sports and Exercise Psychology, Glossary, Index. | ||
| 700 | 1 |
_aDavey, Graham _97267 |
|
| 942 | _cBK | ||
| 999 |
_c6308 _d6308 |
||